Les territoires ultramarins français - Statistiques

Statistiques générales
  • Ce quiz a été pris 399 fois
  • Le résultat moyen est 9 sur 11
Statistiques - réponses
Localisation Population Territoire % Correct
Amérique, Antilles 376 000 Guadeloupe
94%
Amérique, Antilles 348 000 Martinique
94%
Afrique, Océan Indien 860 000 Réunion
92%
Amérique 301 000 Guyane
89%
Afrique, Océan Indien 270 000 Mayotte
89%
Océan Pacifique 304 000 Polynésie Française
77%
Mélanésie, Océan Pacifique 271 000 Nouvelle-Calédonie
74%
Amérique, Océan Atlantique 5 900 Saint-Pierre et Miquelon
71%
Océanie Lointaine, Océan Pacifique 15 300 Wallis et Futuna
63%
Amérique, Antilles 32 000 Saint-Martin
62%
Amérique, Antilles 9 100 Saint-Barthelémy
56%
Aucun quiz correspondant
Distribution des résultats
% des personnes avec chaque résultat
Percentile par nombre de réponses
Votre historique - résultats
Vous n’avez pas pris ce quiz